Т. 1: Парадокс Гиббса. Логический аспект; Три аспекта атомистики

Dades bibliogràfiques
Parent link:Три аспекта атомистики: в 3 т./ Б. М. Кедров; Академия наук СССР (АН СССР), Институт истории естествознания и техники (ИИЕТ АН СССР). Т. 1: Парадокс Гиббса. Логический аспект.— , 1969
Idioma:rus
Publicat: 1969
Matèries:
Format: MixedMaterials Llibre
KOHA link:https://koha.lib.tpu.ru/cgi-bin/koha/opac-detail.pl?biblionumber=250807

MARC

LEADER 00000nam2a2200000 4500
001 250807
005 20231101232610.0
035 |a (RuTPU)RU\TPU\book\273035 
090 |a 250807 
100 |a 20140217d1969 k y0rusy50 ca 
101 0 |a rus 
102 |a RU 
105 |a a z 001zy 
200 0 |a Т. 1: Парадокс Гиббса. Логический аспект 
210 |d 1969 
215 |a 294 с.  |c ил. 
320 |a Библиогр.: с. 291. 
461 1 |0 (RuTPU)RU\TPU\book\273614  |t Три аспекта атомистики  |o в 3 т.  |f Б. М. Кедров  |g Академия наук СССР (АН СССР), Институт истории естествознания и техники (ИИЕТ АН СССР)  |v Т. 1: Парадокс Гиббса. Логический аспект  |d 1969 
606 1 |a Атомистика  |2 stltpush  |3 (RuTPU)RU\TPU\subj\29663  |9 52943 
606 1 |a Гиббса парадокс  |x (физика)  |2 stltpush  |3 (RuTPU)RU\TPU\subj\6402  |9 34289 
610 1 |a закон Дальтона 
610 1 |a парадокс Гиббса 
610 1 |a идеальный газ 
610 1 |a энтропия 
610 1 |a исчисление W 
610 1 |a термодинамическая вероятность 
610 1 |a физическая статистика 
610 1 |a рассуждения Гиббса 
610 1 |a анализ 
610 1 |a приложения 
675 |a 530.14  |v 3 
801 1 |a RU  |b 63413507  |c 20140217 
801 2 |a RU  |b 63413507  |c 20140515  |g RCR 
942 |c BK